Macroeconomics / (Record no. 14834)
[ view plain ]
| 000 -LEADER | |
|---|---|
| fixed length control field | 00511pam a2200193 a 4500 |
| 020 ## - INTERNATIONAL STANDARD BOOK NUMBER | |
| ISBN | 0070177872 : |
| 040 ## - CATALOGING SOURCE | |
| Transcribing agency | DLC |
| 082 00 - DEWEY DECIMAL CLASSIFICATION NUMBER | |
| Classification number | 339 MCG 1990 A070 Or. |
| 100 1# - MAIN ENTRY--AUTHOR NAME | |
| Personal name | Dornbusch, Rudiger. |
| 245 10 - TITLE STATEMENT | |
| Title | Macroeconomics / |
| 250 ## - EDITION STATEMENT | |
| Edition statement | 5th ed. |
| 260 ## - PUBLICATION, DISTRIBUTION, ETC. (IMPRINT) | |
| Place of publication | New York : |
| Name of publisher | McGraw-Hill, |
| Year of publication | c1990. |
| 300 ## - PHYSICAL DESCRIPTION | |
| Number of Pages | xv, 828 p. : |
| Other physical details | ill. ; |
| Dimensions | 25 cm. |
| 500 ## - GENERAL NOTE | |
| General note | Rev. ed. of: Macro-economics. 4th ed. c1987. |
| 650 #0 - SUBJECT ADDED ENTRY--TOPICAL TERM | |
| Topical Term | Macroeconomics. |
| 700 1# - ADDED ENTRY--PERSONAL NAME | |
| Personal name | Fischer, Stanley. |
| 700 1# - ADDED ENTRY--PERSONAL NAME | |
| Personal name | Dornbusch, Rudiger. |
| 942 ## - ADDED ENTRY ELEMENTS (KOHA) | |
| Koha item type | សៀវភៅភាសាអង់គ្លេស |
| 952 ## - LOCATION AND ITEM INFORMATION (KOHA) | |
| Withdrawn status [LOCAL, KOHA] | 0 |
| Permanent Location | Date acquired | Koha item type | Lost status | Shelving location | Barcode | Current Location | Full call number |
|---|---|---|---|---|---|---|---|
| Library Block A | 2017-10-27 | សៀវភៅភាសាអង់គ្លេស | A070 | A06110 | Library Block A | 339 MCG 1990 A070 Or. |